| 000 | 00569nam a2200157 4500 | ||
|---|---|---|---|
| 001 | 109800 | ||
| 003 | ES-MaACL | ||
| 005 | 20230906184920.0 | ||
| 007 | t| | ||
| 008 | 061121s1972 sp r ||||1| spa d | ||
| 245 | 0 | 0 |
_aModificaciones en materia de cotización al régimen general de la Seguridad Social _b: Vigencia, 1 de Julio de 1972. |
| 260 |
_aGranada : _bColegio Oficial de Graduados Sociales de Andalucía, _c1972. |
||
| 300 |
_a162 p. ; _c17 cm. |
||
| 710 | 2 |
_aColegio Oficial de Graduados Sociales de Andalucía. _92968 |
|
| 852 |
_aES-MaACL _jC-45500 _bR.83635 |
||
| 999 |
_c109800 _d109800 |
||